Biarkan aku pergi

Bibliographic Details
Main Author: Azizah Johar
Format: Book
Published: Kuala Lumpur : Creative Enterprise , 2005
Subjects:

MARC

LEADER 00000cam a2200000 7i4500
001 0000011382
005 20071113.0
008 071112
020 |a 983893626X 
090 0 0 |a AZI   |b MAL 
100 0 |a Azizah Johar 
245 1 0 |a Biarkan aku pergi   |c Azizah Johar 
260 |a Kuala Lumpur :   |b Creative Enterprise ,   |c 2005 
650 0 |a Malay fiction 
650 0 |a Novel 
999 |a 0000940440   |b Book   |c Adult Collection   |e Cawangan Taman Sri Lambak 
999 |a 0001001588   |b Book   |c Adult Collection   |e Perbadanan Perpustakaan Awam Johor 
999 |a 0001001589   |b Book   |c Adult Collection   |e Perbadanan Perpustakaan Awam Johor